Largest Cities that Contain the Letter G - Statistics

General Stats
  • This quiz has been taken 386 times
  • The average score is 15 of 20
Answer Stats
Population City % Correct
20,500,000 Bangkok
98%
14,800,000 Johannesburg
96%
10,200,000 Bogota
95%
21,400,000 Lagos
95%
67,800,000 Guangzhou
93%
40,000,000 Shanghai
93%
17,700,000 Los Angeles
92%
9,900,000 Chicago
86%
20,900,000 Beijing
84%
13,700,000 Bangalore
82%
10,500,000 Nagoya
77%
16,600,000 Chengdu
76%
8,050,000 Santiago
76%
8,800,000 Washington D.C.
76%
10,500,000 Chongqing
62%
9,050,000 Nanjing
54%
13,400,000 Hangzhou
53%
9,450,000 Zhengzhou
43%
10,500,000 Changsha
39%
8,550,000 Shenyang
35%
No matching quizzes found
Score Distribution
Percent of People with Each Score
Percentile by Number Answered
Your Score History
You have not taken this quiz